000 00598nam a2200181Ia 4500
003 GCL
008 140319s9999 xx 000 0 ara d
040 _aGCL /
_cGCL
082 0 4 _a812.008
_bن ا
100 1 _aنعيم عطية
245 1 0 _aالاصدقاء والفتى الشجاع: مسرحيتان /
_cنعيم عطية
260 _a[S.N] :
_bدار عزت خطاب للطبع والنشر ،
_c1969
300 _a120 ص
490 _aكتابات معاصرة
_v0
650 0 4 _aالادب العربى
650 0 4 _aالمسرحيات العربية - مجموعات
942 _2ddc
_cBK
999 _c57177
_d57177